MDQL
is popping MORE tags! Check the
thread
!
Quizzes
Events
Quiz Creation
Community
Videos
Private Events
Remove Ads
Sign In
Join for FREE
Feedback
Dark Mode
Quiz Categories
Sports
Geography
Music
Movies
Television
Just For Fun
Miscellaneous
History
Literature
Language
Science
Gaming
Entertainment
Religion
Holiday
For Kids
Quiz Lab
Recent
Popular Today
Quiz Kudos Today
Editor Picks
Curator Picks
Quizzes by...
Day
Popularity
Type
Ratings
Length
Year
Community
Subscriptions
Recent Discussions
Orange Saloon
Badges
Playlists
Quests
Create
Leaderboards
Showdown
Live 5
Trivia Bingo
Activity
Puzzle Library
Sporcle Events
Private Events
Virtual Trivia
Globe League
Become a Host
Pub Owners
SporcleCon
Opinionation
Our Games
Videos
Blog
Mobile Apps
Partnerships
Remove Ads and Go Orange
Feedback
Television
TV Characters
TV Show
Sitcom
Network
Friends
Reality Shows
Cast
South Park
Star Trek
The Simpsons
Doctor Who
Television
TV Characters
TV Show
Sitcom
Network
Friends
Reality Shows
Cast
South Park
Star Trek
The Simpsons
Doctor Who
Random Quiz
Search Sporcle
×
Quiz Lab
Quiz Lab
Television
Charmed
Type in answers that appear in a list
Type in answers that appear in a list
Classic
Best Score? Go Orange.
Charmed guess who Stats
Can you name the Charmed demon?
By
whiteowl
6m
41 Questions
437 Plays
437 Plays
437 Plays
Comments
Comments
Give Quiz Kudos
Give Quiz Kudos
-
- Ratings
hide this ad
Forced Order
Answers have to be entered in order
Answers have to be entered in order
Replay
Link that replays current quiz
Next Quiz
Link to next quiz in quiz playlist
You Got
0%
They Got
Avg Score
39%
Avg Friend Score
Upgrade to see
Score Distribution
Jump to the score distribution portion of the page
Score
0/41
Timer
06:00
0
Plays Today
Hint
Demon
% Correct
I bring your worst fears to life.
Barbas/demon of fear
97%
Phoebe was afraid of the basement because of me.
Shadow/Woogyman
73%
We steal the eyesight of children in order to see auras around people.
Grimlocks
71.6%
I attack those with blood type AB negative.
Wendigo
69.8%
I feed on testosterone with my razor sharp tongue.
Succubus
63.6%
My scream is lethal to my victims.
Banshee
63.6%
I steal the life force of young women to regain my youth.
Javna
62%
To get rid of me, shatter my reflection.
Kali
61.1%
The poison in our arrows is lethal only to beings of light.
Darklighters
60.4%
I was sent by the Triad to kill the Charmed Ones but my human half fell in love.
Belthazor
59.3%
I seduce married men with my song.
The Siren
54.5%
I used my power to see the future to serve the source of all evil.
The Seer
54%
I am a demonic hitman, I described myself as 'the end'.
Shax
50.3%
I was freed from my prison to prevent the avatars creating 'utopia'.
Zankou
47.6%
We force evildoers to hear the cries of all their former victims.
Furies
45.5%
I foresaw the power of the twice blessed child and used a monkey totem to get to him.
The Crone
43.5%
I cause mortals to become incapable of love.
Drazi
41.9%
I want my wand back.
Tuatha
41%
I bestow youth and beauty in exchange for souls.
Cryto
36.2%
I am made of pure electricity.
Shocker demon
34.8%
We are a race of demi-
goddesses who take warrior's souls to Valhalla.
Valkyries
34.8%
Hint
Demon
% Correct
I will continue to reconstitute until my remains are buried in a cemetery.
Lazarus
34.1%
I have the ability to manipulate time although I never met the Charmed Ones in person.
Tempus
34.1%
I was cursed with the power of empathy by a priest.
Vinceres
33.6%
We were able to steal the Charmed Ones' identities.
Stillman sisters
32.5%
My passion is collecting one-
of-
a-
kind figurines.
Gammill
30%
I was trying to find my love a body, and mummified two Charmed Ones.
Jeric
29.1%
I have the ability to become invisible, but cold is my weakness.
Troxa
28.8%
I wanted the Firestarter in my demonic training school.
Ludlow
28.1%
I stole the book of shadows and read it backwards.
Abraxas
27.9%
I help mortals achieve their goals in exchange for souls.
Masselin
23.6%
Cole used one of us to infect Paige, making her confused and paranoid.
Power brokers
21.3%
I emerge every hundred years to feed off the most powerful magical being I detect.
Spider demon
18.5%
I wanted to resurrect the lost city of Zanbar.
Bosk/Jinny
18.3%
I desire beauty, power and respect.
Imara
16.9%
I am the ghost of a demon vanquished.
Necromancer
16.5%
I am a demonic infector and possessed the seven deadly sins.
Lukas
15.6%
There is no known method of vanquishing us, we exist in spirit form until strong enough to find new bodies.
The Triad
9.2%
I was Wyatt's 'imaginary friend'.
Vicus
8.9%
I can possess any living being and once helped Barbas.
Phantasm
5.3%
I absorb the essence of other magical beings.
Dogon
2.3%
Quiz Playlist
Details
Report
Send in Message
Add To Playlist
Classic:
Type in answers that appear in a list
Forced Order:
Answers have to be entered in order
Quiz Source
Last Updated: Feb 16, 2017
Quiz Scoreboard
CHALLENGE
Sign Up to Join the Scoreboard
Show All
Scores
Hide
Comments
May contain spoilers
Recently Published
Image Sorting: Flags VI
by Barbecue
Geography
2m
Find the 'City' Movie
by crazypaving
Movies
60s
5x2 Blitz: Bands
by SL_Kpop136
Music
30s
More to Explore
Quiz From the Vault
Featured Blog Post
14 Easter Pick-up Lines to Find Eggs With
hide this ad
You Might Also Like...
Tags
Charmed
Today's Top Quizzes in Television
Browse Television
hide this ad
Top Contributed Quizzes in Television
1
Survivor Journey Challenge
2
Brooklyn Nine Nine Logic Puzzle (How-To-Play)
3
Total Drama Characters
4
Phoebe Buffay Quotes
5
Survivor Heroes vs. Villains Logic Puzzle
6
Adjectives in 00s TV Shows
7
Survivor Trivia
8
Game of Thrones: Tywin Lannister Start to Finish
9
Emmerdale Characters (from August 2012)
10
Survivor Logic Puzzle: Heroes vs. Villains
Explore More
Trending Topics
Harry Potter
Anime
NBA
Disney
Crossword
Marvel
Kpop
Soccer
Song
WWE
Country
Puzzle
NFL
The Office
Pokémon
hide this ad
More By:
whiteowl
Quiz
Plays
Rating
Category
Featured
Created
Charmed episodes by almost any word
11,756
4.17
Television
Oct 28, 2013
Buffy episodes by almost any word
1,131
4.20
Television
May 31, 2014
Charmed guess who
437
Television
Nov 20, 2013
Friends episodes (season 1) by almost any word
387
4.00
Television
Dec 12, 2013
Charmed ones' possessions (Phoebe)
384
Television
Mar 24, 2014
Go to Creator's Profile
Score Distribution
Quiz Creator Spotlight
whiteowl
Follow
Send a Message
Quizzes Created
-
Created Quiz Play Count
-
More By This Creator
Popular Quizzes Today
1
Colored Red Africa Blitz
2
Find the US States - No Outlines Minefield
3
Find the 'City' Movie
4
5x2 Blitz: Bands
5
The Countries of the World
6
Find the US States
7
Find the Countries of Europe - No Outlines Minefield
8
US States
More Television Quizzes
Parallel TV Show Themes
Published
Trending Quizzes
Colored Red Europe Blitz I
Colored Red Europe Blitz II
Colored Red Africa Blitz II
Colored Red Europe Blitz III
Colored Red Africa Blitz III
Recently Updated
How Do You Spell That?
pecheneg
Godzilla Movies
pecheneg
Grab Bag: 4-10 Letters
pecheneg
2024 March Madness Bracket
pecheneg
Famous TV Couples
Peacemaker
Champions League XIs: Real Madrid
pecheneg
Largest US Cities 1790-2010
pecheneg
Rides in Walt Disney World
pecheneg
Most Oscar Losses (Acting)
pecheneg
Beyoncé Albums
pecheneg
Trending Topics
NBA
Crossword
Disney
Anime
Kpop
Harry Potter
Marvel
Puzzle
NFL
Song
The Office
Country
Pokémon
Soccer
WWE
Your Account Isn't Verified!
In order to create a playlist on Sporcle, you need to verify the email address you used during registration. Go to your
Sporcle Settings
to finish the process.
Report this User
Report this user for behavior that violates our
Community Guidelines
.
Details:
Send Report
Go to the Sporcle.com Mobile Site →
Comments